| 000 | 02595 a2200205 4500 | ||
|---|---|---|---|
| 001 | 41512 | ||
| 005 | 20260407155708.0 | ||
| 008 | 260407a2016 arg spa d | ||
| 003 | AR-UNSa-BCEJYS | ||
| 040 |
_aAR-UNSa-BCEJYS _bspa _cAR-UNSa-BCEJYS |
||
| 080 |
_a336.22 _xImpuestos |
||
| 245 | 1 | 0 |
_aRégimen de sinceramiento fiscal _pblanqueo, moratoria y reforma tributaria |
| 264 | 1 |
_aBuenos Aires : _bThomson Reuters Checkpoint _c2016 |
|
| 300 |
_a160 p. _c24 cm. |
||
| 505 | _a1. El Régimen de sinceramiento fiscal. Situación externa e interna / Antonio H. Figueroa - 2. El blanqueo ya está en vigencia / Flavia I. Melzi - 3. La fecha de preexistencia como requisito de los bienes o tenencias para entrar en el blanqueo y algunas precisiones sobre el régimen / Humberto P. Diez - 4. Análisis de la ley 27.260 en materia de blanqueo de capitales y sus efectos en la faz tributaria y penal / Germán J. Ruetti y Fernando J. Diez - 5. Breves comentarios sobre los costos reales del Régimen de sinceramiento / Fernando D. García - 6. La Ley de sinceramiento fiscal y los desatinos del pass-on / Darío M. Rajmilovich - 7. El abogado tributarista y su rol frente a la Ley de sinceramiento fiscal / Diego N. Fraga y Eduardo A. Aguilera - 8. Los fondos comunes de inversión como alternativa para evitar el pago del "Impuesto especial" dispuesto por la "Ley de Blanqueo 2016" / Ramiro Salvochea - 9. Aspectos financieros del Régimen de sinceramiento fiscal. Estructura legal integral: ley Nº 27.260, decreto PEN Nº 895/2016, CNV Nº 672, BCRA 6022, AFIP 3919 y 3920 / Fernando J. Luciani - 10. Efectos de la moratoria impositiva en materia de infracciones y delitos tributarios. Condonación de sanciones y extinción de las acciones penales tributarias / Guillermina Gamberg - 11. Régimen excepcional de regularización de obligaciones. Ley Nº 27.260: su reglamentación / Osvaldo Balán y Alberto M. Bello - 12. Algunas consideraciones sobre la ley 27.260 vinculadas a la regularización de obligaciones tributarias y de la seguridad social / Susana S. Accorinti - 13. Régimen de sinceramiento fiscal 2016: beneficios para sujetos cumplidores / Patricia Abelenda - 14. El blanqueo y los impuestos. Su reglamentación / Luis Omar Fernández - 15. Comentarios a la Ley 27.260 de Reparación Histórica en la parte relacionada con los acuerdos transaccionales de los jubilados / Guillermo J. Jáuregui | ||
| 041 | _aspa | ||
| 942 | _cBK | ||
| 590 | _aniveau_biblio:m niveau_hierar:0 | ||
| 856 | 4 | 1 |
_uhttps://biblioeco.unsa.edu.ar/pmb/images/revistas/E00055.jpg _yImagen de portada _qimage/jpeg |
| 999 |
_c3513 _d3513 |
||